[Event "Malaga op 15th"]
[Site "Malaga"]
[Date "2021.10.29"]
[Round "1"]
[White "Millan Parraga, Alejandro"]
[Black "Guadamuro Torrente, Anabel"]
[Result "0-1"]
[WhiteElo "1612"]
[BlackElo "2116"]
[PlyCount "46"]
[EventDate "2021.10.29"]
[EventType "swiss"]
[EventRounds "7"]
[EventCountry "ESP"]
[SourceTitle "CBM 204 Extra"]
[Source "ChessBase"]
[SourceDate "2021.11.30"]
[SourceVersion "1"]
[SourceVersionDate "2021.11.30"]
[SourceQuality "1"]

1. e4 e5 2. Nf3 Nc6 3. Bc4 Bc5 4. 0-0 Nf6 5. d3 d6 6. h3 Na5 7. Nc3 Nxc4 8. dxc4 h6 9. Qe2 0-0 10. Rd1 Qe7 11. Nd5 Nxd5 12. cxd5 f5 13. exf5 Bxf5 14. c3 Qf7 15. Be3 Bxe3 16. Qxe3 Bxh3 17. Nxe5 dxe5 18. gxh3 Rad8 19. c4 Rd6 20. Rd2 Qh5 21. Rd3 Rdf6 22. Rf1 Rf3 23. Qd2 Qg6+ 0-1

[Event "Casabermeja op"]
[Site "Casabermeja"]
[Date "2021.09.09"]
[Round "1"]
[White "Millan Parraga, Alejandro"]
[Black "Aguado Doncel, Pablo Luis"]
[Result "0-1"]
[WhiteElo "1596"]
[BlackElo "2108"]
[PlyCount "56"]
[EventDate "2021.09.09"]
[EventType "swiss"]
[EventRounds "7"]
[EventCountry "ESP"]
[SourceTitle "CBM 204 Extra"]
[Source "ChessBase"]
[SourceDate "2021.11.30"]
[SourceVersion "1"]
[SourceVersionDate "2021.11.30"]
[SourceQuality "1"]

1. e4 c5 2. d4 cxd4 3. c3 Nf6 4. e5 Nd5 5. Nf3 e6 6. Bc4 Nc6 7. cxd4 d6 8. 0-0 Be7 9. Nc3 Nxc3 10. bxc3 dxe5 11. Bb5 exd4 12. Ne5 Bd7 13. Nxd7 Qxd7 14. Qg4 0-0 15. Bh6 Bf6 16. Bxc6 bxc6 17. Rad1 c5 18. cxd4 cxd4 19. Rd3 Rfd8 20. Rfd1 e5 21. Qg3 Qf5 22. Bc1 e4 23. Rb3 e3 24. fxe3 dxe3 25. Rf1 e2 26. Rxf5 Rd1+ 27. Qe1 Rxe1+ 28. Kf2 Rf1+ 0-1

[Event "Coin op"]
[Site "Coin"]
[Date "2021.04.01"]
[Round "1"]
[White "Millan Parraga, Alejandro"]
[Black "Perez Garcia, Roberto"]
[Result "0-1"]
[WhiteElo "1516"]
[BlackElo "2112"]
[PlyCount "80"]
[EventDate "2021.04.01"]
[EventType "swiss"]
[EventRounds "7"]
[EventCountry "ESP"]
[SourceTitle "EXT 2022"]
[Source "ChessBase"]
[SourceDate "2021.10.06"]
[SourceVersion "1"]
[SourceVersionDate "2021.10.06"]
[SourceQuality "1"]

1. e4 c5 2. d4 cxd4 3. c3 dxc3 4. Nxc3 Nc6 5. Bc4 e6 6. Nf3 Bb4 7. 0-0 Nge7 8. Bf4 Ng6 9. Bg3 a6 10. Qe2 0-0 11. Rfd1 b5 12. Bd3 Bb7 13. Rac1 Rc8 14. Bb1 Na5 15. Nxb5 axb5 16. Qxb5 Rxc1 17. Rxc1 Qe7 18. a3 Bxa3 19. bxa3 Qxa3 20. Rd1 Bc6 21. Qd3 Qxd3 22. Bxd3 d5 23. exd5 Bxd5 24. Ra1 Nc6 25. Bb5 Bxf3 26. gxf3 Nd4 27. Ra5 Nxf3+ 28. Kg2 Nfh4+ 29. Kh3 Nf5 30. Bd3 Nxg3 31. hxg3 Ne7 32. Be4 Rd8 33. Kg2 g6 34. Re5 Kg7 35. g4 h6 36. Kg3 Nd5 37. Bb1 Ra8 38. Re4 Ra3+ 39. f3 Nc3 40. Re1 Ra1 0-1